प्रेमचन्द कथा साहित्य नैतिक मूल्यों की कहानिया/ (Record no. 200961)

MARC details
000 -LEADER
fixed length control field 00867nam a22001817a 4500
005 - DATE AND TIME OF LATEST TRANSACTION
control field 20240221124151.0
010 ## - LCCN (DPL NO)
LC control number HIN-126933
020 ## - INTERNATIONAL STANDARD BOOK NUMBER
International Standard Book Number 9788192662596
Terms of availability 495.00
035 ## - SYSTEM CONTROL NUMBER
System control number HN-99279
037 ## - SOURCE OF ACQUISITION
Source of stock number/acquisition DBAD/PUB
082 ## - DEWEY DECIMAL CLASSIFICATION NUMBER
Classification number
245 ## - TITLE STATEMENT
Title प्रेमचन्द कथा साहित्य नैतिक मूल्यों की कहानिया/
Statement of responsibility, etc प्रियंका सारस्वत द्वारा सम्पादित
260 ## - PUBLICATION, DISTRIBUTION, ETC. (IMPRINT)
Place of publication, distribution, etc पिलानी
Name of publisher, distributor, etc कार्तिक प्रकाशन
Date of publication, distribution, etc 2021
270 ## - ADDRESS
Address बी-45 गणेश कालोनी रोड
City पिलानी
Postal code 333031
300 ## - PHYSICAL DESCRIPTION
Extent 224 पृष्ठ;
Dimensions 22 सेमी (सजिल्द)
710 ## - ADDED ENTRY--CORPORATE NAME
Corporate name or jurisdiction name as entry element प्रियंका सारस्वत
Relator term संपादक
9 (RLIN) 62343
942 ## - ADDED ENTRY ELEMENTS (KOHA)
Item type Hindi Books
Source of classification or shelving scheme Dewey Decimal Classification
Classification part
Call number suffix प्रेमच
Holdings
Withdrawn status Lost status Not for loan Collection code Home library Current library Date acquired Source of acquisition Cost, normal purchase price Full call number Barcode Copy number Cost, replacement price Koha item type
      Fiction Sarojini Nagar Sarojini Nagar 21/02/2024 DBAD/PUB 495.00 क प्रेमच HN-99279 1 495.00 Hindi Books

© Delhi Public Library
Hit Counter
free hit counter